| 000 | 00826nam a22002177a 4500 | ||
|---|---|---|---|
| 999 |
_c15784 _d15784 |
||
| 003 | OSt | ||
| 005 | 20201124163333.0 | ||
| 008 | 181213b ||||| |||| 00| 0 eng d | ||
| 022 | _a0730-3084 | ||
| 040 | _c0 | ||
| 082 | _aDPer 613.705 J863 Sept 2015-Apr 2016 v. 86-87 | ||
| 100 |
_aShapiro, Deborah R. _942566 |
||
| 245 |
_aVideo editing: _ba service-learning assignment in adapted physical education/ _cDeborah R. Shapiro, Rachel Gurvitch and Wei-ru Yao. |
||
| 260 |
_aPhiladelphia: _bShape America-Society of Health and Physical Educators, _c©Sept 2015-Apr 2016. |
||
| 300 |
_av87, n2, pages 33-37: _billustrations; _c28 cm. |
||
| 500 | _aJOPERD | ||
| 650 |
_aTechnological innovations _xPhysical education. _933110 |
||
| 700 |
_aGurvitch, R. _eAuthor. _942602 |
||
| 700 |
_aYao, W. _eAuthor. _942603 |
||
| 942 |
_2ddc _cPER |
||